The mechanism of meaning : (Record no. 21012)

000 -LEADER
fixed length control field 01105cam a2200277 i 4500
001 - CONTROL NUMBER
control field 1320741
005 - DATE AND TIME OF LATEST TRANSACTION
control field 20170120161410.0
008 - FIXED-LENGTH DATA ELEMENTS--GENERAL INFORMATION
fixed length control field 790917r19791971nyua c 000 0 eng
010 ## - LIBRARY OF CONGRESS CONTROL NUMBER
LC control number 78024664
020 ## - INTERNATIONAL STANDARD BOOK NUMBER
International Standard Book Number 0810906678
020 ## - INTERNATIONAL STANDARD BOOK NUMBER
International Standard Book Number 0810921650 (pbk.)
050 00 - LIBRARY OF CONGRESS CALL NUMBER
Classification number N7359.A7A4 1979
100 1# - MAIN ENTRY--PERSONAL NAME
Personal name Arakawa, Shūsaku,
Dates associated with a name 1936-2010.
245 14 - TITLE STATEMENT
Title The mechanism of meaning :
Remainder of title work in progress (1963-1971, 1978) based on the method of Arakawa /
Statement of responsibility, etc. Arakawa and Madeline H. Gins ; [editor, Ellen Schwartz].
260 ## - PUBLICATION, DISTRIBUTION, ETC. (IMPRINT)
Place of publication, distribution, etc. New York :
Name of publisher, distributor, etc. H. N. Abrams,
Date of publication, distribution, etc. 1979.
300 ## - PHYSICAL DESCRIPTION
Extent 97 p. :
Other physical details ill. ;
Dimensions 26 x 27 cm.
500 ## - GENERAL NOTE
General note Earlier ed. (c1971) published in German under title: Mechanismus der Bedeutung (Werk im Entstehen: 1963-1971)
600 10 - SUBJECT ADDED ENTRY--PERSONAL NAME
Personal name Arakawa, Shūsaku,
Dates associated with a name 1936-2010
Form subdivision Exhibitions.
600 10 - SUBJECT ADDED ENTRY--PERSONAL NAME
Personal name Gins, Madeline
Form subdivision Exhibitions.
700 1# - ADDED ENTRY--PERSONAL NAME
Personal name Gins, Madeline,
Relator term joint author.
942 ## - ADDED ENTRY ELEMENTS (KOHA)
Source of classification or shelving scheme
Koha item type Hard Covered Materials
Holdings
Withdrawn status Lost status Source of classification or shelving scheme Damaged status Not for loan Home library Current library Shelving location Date acquired Source of acquisition Total Checkouts Full call number Barcode Date last seen Price effective from Koha item type
          MACHAKOS UNIVERSITY LIBRARY MACHAKOS UNIVERSITY LIBRARY Technical section 20/01/2017 Donation(BFA)   N7359.A7A4 1979 31098 13/07/2018 20/01/2017 Hard Covered Materials
© Machakos University Library, Along The Highway, Machakos Wote Rd, Machakos, Kenya P.O. Box 136 - 90100 Machakos - Kenya

Tel: ( +254 ) 723 805829 OR Fax : 044-20353 OR Email: library@mksu.ac.ke